| 000 | 00527nam a2200157Ia 4500 | ||
|---|---|---|---|
| 008 | 230907s9999||||xx |||||||||||||| ||und|| | ||
| 082 |
_a621.3121 _bABD |
||
| 100 |
_aAbdul Hameed Babar (00000171041) _9116497 |
||
| 245 | 0 | _aResource assessment, socio- economic analysis and design of renewable hybrid system for rural electrification / | |
| 260 |
_aUSPCAS-E, NUST, _bIslamabad : _c2019 |
||
| 300 | _a73 p. | ||
| 520 | _aTH-197 | ||
| 650 | _aMS-EEP Thesis MS Thesis | ||
| 700 |
_aDr. Parvez Akhter _928950 |
||
| 942 |
_cTHE _2ddc |
||
| 999 |
_c601876 _d601876 |
||